De la prescripción extintiva de los tributos fiscalizados por la Dirección de Impuestos Internos

Sparad:
Bibliografiska uppgifter
Huvudupphovsman: Urcullu Molina, Félix (Författare, medförfattare)
Materialtyp: Bok
Språk:spanska
Publicerad: Santiago Jurídica de Chile 1963
Ämnen:
Taggar: Lägg till en tagg
Inga taggar, Lägg till första taggen!

MARC

LEADER 00000nam a2200000 a 4500
001 UCS0495
003 CL-VaPUC
008 970426e19630000CL |||||||||||||||||spa|d
082 0 4 |a 364.133  |b URC  |2 21 
100 0 |a Urcullu Molina, Félix  |e author  |9 384084 
245 1 0 |a De la prescripción extintiva de los tributos fiscalizados por la Dirección de Impuestos Internos 
300 |a 82 p 
942 |c BK 
945 |d 19970426 00:00:00  |a paguirre 
260 |a Santiago  |b Jurídica de Chile  |c 1963 
600 0 7 |a SERVICIO DE IMPUESTOS INTERNOS  |2 CL-VaPUC  |9 345847 
650 0 |a Derecho tributario  |9 258895 
650 0 |a Impuestos  |9 255450 
650 0 |a Prescripción extintiva  |9 384085 
650 7 |a DERECHO PENAL  |2 CL-VaPUC  |9 11 
650 7 |a DELITO TRIBUTARIO  |2 CL-VaPUC  |9 377304 
650 7 |a JURISPRUDENCIA TRIBUTARIA  |2 CL-VaPUC  |9 369427 
650 7 |a EVASION TRIBUTARIA  |2 CL-VaPUC  |9 384086 
651 7 |a CHILE  |2 CL-VaPUC  |9 384087 
583 |a last modification  |c 19970426 00:00:00  |k Rodrigo Vera 
999 |c 258722  |d 258720 
952 |0 0  |1 0  |4 0  |6 364_133000000000000_URC_1963  |7 0  |8 A  |9 282998  |a BIBDER  |b BIBDER  |d 2019-11-19  |i 1836145  |o 364.133 URC 1963  |p 1836145  |r 2023-01-25  |w 2019-11-19  |y BK  |k DER